00327nam a2200109Ia 4500008004100000082000800041100002400049245002500073942000600098952009800104999001500202240331s9999 xx 000 0 und d bTAM aHindu Religious. ed 0aTamil Sahithiya vila cL 001040708LaWERCLbWERCLcSSCd2024-03-31l0o 398.09 TAMp2024r2024-03-31w2024-03-31yL c3665d3665